Spell All "STAN" Countries - 15 Second Sprint - Statistics

General Stats
  • This quiz has been taken 155 times
  • The average score is 5 of 7
Answer Stats
Answer % Correct
Pakistan
79%
Afghanistan
71%
Tajikistan
68%
Uzbekistan
68%
Kazakhstan
62%
Turkmenistan
59%
Kyrgyzstan
58%
No matching quizzes found
Score Distribution
Percent of People with Each Score
Percentile by Number Answered
Your Score History
You have not taken this quiz